00373nam a22001337a 4500020001900000082002600019100002100045245006800066250001500134260001900149300002600168526003700194650000800231 a1-85728-012-01 a711.4bRATcL-37,P-91 aRaticliffe, John aAn introduction to town and country planning/cRaticliffe, John a2nd volume aLondon,c1981. a506p.:bill,;c10 cm. a0b0c0d711_400000000000000_RAT aMCE